000 00322nam a2200133Ia 4500
005 20260328101452.0
008 260328s9999||||xx |||||||||||||| ||und||
100 _aGrau, Crisitina
245 0 _aBorges y la Arquitectura /
_cCrisitina Grau
260 _bCátedra
300 _a189 p.
650 _aARQUITECTURA
942 _cBK
999 _c8701
_d8701